ბათუმის შოთა რუსთაველის სახელმწიფო უნივერსიტეტის ბიბლიოთეკა

Emergency Medicine Handbook: (ბიბ.ჩანაწერი № 61635)

000 -LEADER
fixed length control field 00862nam a22002177a 4500
005 - DATE AND TIME OF LATEST TRANSACTION
control field 20240403160334.0
008 - FIXED-LENGTH DATA ELEMENTS--GENERAL INFORMATION
fixed length control field 240403s2007 enk||||| |||| 00| 0 eng d
020 ## - INTERNATIONAL STANDARD BOOK NUMBER
International Standard Book Number 9780323037297x
041 ## - LANGUAGE CODE
Language code of text/sound track or separate title eng
080 ## - UNIVERSAL DECIMAL CLASSIFICATION NUMBER
Universal Decimal Classification number 616-083.98 E-50
245 ## - TITLE STATEMENT
Title Emergency Medicine Handbook:
Remainder of title Critical Concepts for Clinical Practice /
Statement of responsibility, etc. Lynn Roppolo, Daniel Davis, Sean Kelly , Peter Rosen.
264 ## - PRODUCTION, PUBLICATION, DISTRIBUTION, MANUFACTURE, AND COPYRIGHT NOTICE
Place of production, publication, distribution, manufacture Philadelphia,
Date of production, publication, distribution, manufacture, or copyright notice 2007
300 ## - PHYSICAL DESCRIPTION
Extent 1420 p.;
Other physical details 21 cm.
653 ## - INDEX TERM--UNCONTROLLED
keyword გადაუდებელი მედიცინის სახელმძღვანელო
653 ## - INDEX TERM--UNCONTROLLED
keyword მედიცინა
700 ## - ADDED ENTRY--PERSONAL NAME
Personal name Roppolo, Lynn
Relator term ავტორი
9 (RLIN) 21694
700 ## - ADDED ENTRY--PERSONAL NAME
Personal name Davis, Daniel
Relator term ავტორი
9 (RLIN) 21695
700 ## - ADDED ENTRY--PERSONAL NAME
Personal name Kelly, Sean
Relator term ავტორი
9 (RLIN) 21696
700 ## - ADDED ENTRY--PERSONAL NAME
Personal name Rosen, Peter
Relator term ავტორი
9 (RLIN) 21697
942 ## - ADDED ENTRY ELEMENTS (KOHA)
Source of classification or shelving scheme
Koha item type წიგნი
ეგზემპლარები
Withdrawn status Lost status Source of classification or shelving scheme Damaged status Not for loan Permanent Location Current Location Shelving location Date acquired Cost, normal purchase price Full call number Barcode Date last seen Copy number Price effective from Koha item type Public note
          ბათუმის შოთა რუსთაველის სახელმწიფო უნივერსიტეტის მთავარი ბიბლიოთეკა ბათუმის შოთა რუსთაველის სახელმწიფო უნივერსიტეტის მთავარი ბიბლიოთეკა წიგნსაცავი 2024-04-03 88.00 616-083.98 E-50 67785 2024-04-03 67785 2024-04-03 წიგნი 88 ლ.